MARC

LEADER 00000nas a2200000 a 4500
001 ssj0047050
003 WaSeSS
005 20200512172242.0
006 m d
007 cr n
008 860117c19859999uy fx p s 0 b0spa c
010 |a  88647021   |z sn 86021322  
016 7 |a 101092883  |2 DNLM 
022 |l 0797-6062  |y 0797-6062 
035 |a (WaSeSS)ssj0047050 
037 |b CLAEH, Zelmar Michelini 1220, 11100 Montevideo, Uruguay 
040 |a HLS  |b eng  |c HLS  |d HUL  |d IXA  |d NST  |d HUL  |d NST  |d DLC  |d NST  |d HUL  |d DLC  |d IXA  |d DLC  |d SYS  |d NLM  |d IXA  |d NLGGC  |d NYDWH  |d ZCU  |d OCLCQ  |d CLU  |d OCLCO  |d OCLCQ  |d OCLCF  |d OCL  |d OCLCA  |d OCLCQ  |d RDF  |d OCLCQ  |d WaSeSS 
042 |a pcc 
043 |a cl----- 
050 0 0 |a HC121  |b .P83 
245 0 0 |a Cuadernos del CLAEH  |h [electronic resource]. 
246 1 4 |a Cuadernos del Centro Latinoamericano de Economía Humana  |f 34-<37> 
260 |a [Montevideo, Uruguay] :  |b CLAEH,  |c [1985]- 
310 |a Two no. a year,  |b <2003-> 
321 |a Four no. a year,  |b 1985- 
362 0 |a 34- 
500 |a "Revista uruguaya de ciencias sociales." 
506 |a License restrictions may limit access. 
515 |a Issues 34-<45-46> called also 2. ser., año 10, 1985/2-<2. ser., año 13, 1988/1-2> 
555 |a No. 1 (1976)-40 (1986) in no. 40; no. 1 (1976)-50 (1989) in no. 50; no. 1 (1976)-80 (1997) in no. 81-82; (includes index to the journal under its earlier title). 
588 |a Latest issue consulted: 93. 
648 7 |a Since 1945  |2 fast 
650 7 |a Economic history.  |2 fast  |0 (OCoLC)fst00901974 
650 7 |a Politics and government.  |2 fast  |0 (OCoLC)fst01919741 
650 7 |a Social conditions.  |2 fast  |0 (OCoLC)fst01919811 
650 1 7 |a Sociaal-economische situatie.  |2 gtt 
650 7 |a POLITICAL CONDITIONS.  |2 unbist 
650 7 |a SOCIAL CONDITIONS.  |2 unbist 
650 7 |a ECONOMIC CONDITIONS.  |2 unbist 
650 7 |a URUGUAY.  |2 unbist 
650 7 |a LATIN AMERICA.  |2 unbist 
651 0 |a Latin America  |x Economic conditions  |y 1945-  |v Periodicals. 
651 0 |a Latin America  |x Social conditions  |y 1982-  |v Periodicals. 
651 0 |a Uruguay  |x Politics and government  |y 1973-1985  |v Periodicals. 
651 0 |a Uruguay  |x Economic conditions  |y 1973-  |v Periodicals. 
651 0 |a Uruguay  |x Social conditions  |y 1973-  |v Periodicals. 
651 7 |a Latin America.  |2 fast  |0 (OCoLC)fst01245945 
651 7 |a Uruguay.  |2 fast  |0 (OCoLC)fst01202667 
655 0 |a Electronic journals. 
710 2 |a Centro Latinoamericano de Economía Humana. 
780 0 0 |t Publicación del Centro Latinoamericano de Economía Humana  |w (DLC) 85646541  |w (OCoLC)5636694 
850 |a CSt  |a CtY  |a DLC  |a FU  |a MH  |a NIC  |a NN  |a NcD  |a NjP 
853 0 0 |8 1  |a 2a ser.:año  |g no.  |i (year) 
856 4 0 |z Full text available from PRISMA Database with HAPI Index: 12/01/2005 to 12/31/2005  |u https://search.proquest.com/publication/13515 
856 4 0 |z Full text available from PRISMA Database with HAPI Index: 01/01/2007 to 12/31/2009  |u https://search.proquest.com/publication/13515 
856 4 0 |z Full text available from PRISMA Database with HAPI Index: 01/01/2015 to 01/31/2016  |u https://search.proquest.com/publication/13515 
863 3 0 |8 1  |a <10>-  |g <34>-  |i <1985>-  |x provisional